00290nam a22001097a 4500082002900000100001800029245004600047260001700093300002400110526003700134650000900171 a808.831bBHAcN-01, P-46 aBhanet, Reinu aBonanza of the fairy talescBhanet, Reinu aIndiabArora a192 p.bill.c26 cm a0b0c0d808_831000000000000_BHA aNUST